| 000 | 01377nam a22003017a 4500 | ||
|---|---|---|---|
| 005 | 2008100102452.0 | ||
| 008 | 081001t xxu||||| |||| 00| 0 hin d | ||
| 010 | _aHIN-84242 | ||
| 020 |
_c165.00 _a8177098365 |
||
| 035 | _aHN-56588 | ||
| 037 | _bDBAD / PUB | ||
| 040 |
_aDPL _bHN |
||
| 082 | _a530 | ||
| 100 | _aसिन्हा, निरंजन कुमार | ||
| 245 |
_aइंटर भौतिकी / _cनिरंजन कुमार सिन्हाः एस.बी, माथुर एवं जयंती अशोक |
||
| 246 |
_aInter bhautikii _bby Niranjan Kumar Sinha; S. B. Mathur and Jyanti Ashok |
||
| 250 | _a8वां संस्क | ||
| 260 |
_aपटना _bभारती भवन _c2008 |
||
| 270 |
_aठाकुरवाड़ी रोड, कदमकुआँ _bपटना _e800003 |
||
| 300 |
_aभाग-1,vi,वि.पृ _c22सेमी (अजिल्द) |
||
| 500 | _aभाग-1, | ||
| 650 | _aभौतिक विज्ञान | ||
| 650 | _aPhysics | ||
| 700 | _aमाथुर, एस.बी. | ||
| 700 | _aजयंती अशोक | ||
| 942 |
_2ddc _cHN _h530 _mसिन्हानि |
||
| 999 |
_c16091 _d16091 |
||